<?xml version="1.0" encoding="UTF-8"?>
<record
    xmlns:xsi="http://www.w3.org/2001/XMLSchema-instance"
    xsi:schemaLocation="http://www.loc.gov/MARC21/slim http://www.loc.gov/standards/marcxml/schema/MARC21slim.xsd"
    xmlns="http://www.loc.gov/MARC21/slim">

  <leader>00516nam a22001577a 4500</leader>
  <controlfield tag="003">OSt</controlfield>
  <controlfield tag="005">20151104153217.0</controlfield>
  <controlfield tag="008">151104b        xxu||||| |||| 00| 0 eng d</controlfield>
  <datafield tag="040" ind1=" " ind2=" ">
    <subfield code="c">RUA</subfield>
  </datafield>
  <datafield tag="082" ind1=" " ind2=" ">
    <subfield code="a">FOR &#x17A1;&#x17B6;&#x17C6; 1992 B117 Or.1</subfield>
  </datafield>
  <datafield tag="100" ind1=" " ind2=" ">
    <subfield code="9">3357</subfield>
    <subfield code="a">&#x17A1;&#x17B6;&#x17C6; &#x179C;&#x17C9;&#x17C3;</subfield>
  </datafield>
  <datafield tag="245" ind1=" " ind2=" ">
    <subfield code="a">&#x1795;&#x17C2;&#x1793;&#x1780;&#x17B6;&#x179A;&#x1790;&#x17D2;&#x179B;&#x17C3;&#x178A;&#x17BE;&#x1798;&#x1788;&#x17BE;&#x17A2;&#x17B6;&#x179A;&#x1780;&#x17D2;&#x1793;&#x1784;&#x17BB;&#x179F;&#x17D2;&#x179A;&#x17BB;&#x1780; &#x179A;&#x1794;&#x179F;&#x17CB;&#x179F;&#x17A0;&#x1782;&#x17D2;&#x179A;&#x17B6;&#x179F;&#x1780;&#x17BC;&#x17A1;&#x17B7;&#x1785;&#x179F;&#x17CA;&#x17B8;&#x1798;</subfield>
  </datafield>
  <datafield tag="260" ind1=" " ind2=" ">
    <subfield code="a">Phnom Penh</subfield>
    <subfield code="b">RUA</subfield>
    <subfield code="c">1992</subfield>
  </datafield>
  <datafield tag="300" ind1=" " ind2=" ">
    <subfield code="a">83p.</subfield>
    <subfield code="b">ill.</subfield>
    <subfield code="c">29cm</subfield>
  </datafield>
  <datafield tag="942" ind1=" " ind2=" ">
    <subfield code="2">ddc</subfield>
    <subfield code="c">FOR</subfield>
  </datafield>
  <datafield tag="999" ind1=" " ind2=" ">
    <subfield code="c">3132</subfield>
    <subfield code="d">3132</subfield>
  </datafield>
  <datafield tag="952" ind1=" " ind2=" ">
    <subfield code="0">0</subfield>
    <subfield code="1">0</subfield>
    <subfield code="2">ddc</subfield>
    <subfield code="4">0</subfield>
    <subfield code="6">FOR_&#x17A1;&#x17B6;&#x17C6;_1992_000000000000000_B117_OR_1</subfield>
    <subfield code="7">0</subfield>
    <subfield code="9">14769</subfield>
    <subfield code="a">LBB</subfield>
    <subfield code="b">LBB</subfield>
    <subfield code="c">B117</subfield>
    <subfield code="d">2015-11-04</subfield>
    <subfield code="o">FOR &#x17A1;&#x17B6;&#x17C6; 1992 B117 Or.1</subfield>
    <subfield code="p">RUA026235</subfield>
    <subfield code="r">2015-11-04</subfield>
    <subfield code="w">2015-11-04</subfield>
    <subfield code="y">FOR</subfield>
  </datafield>
  <datafield tag="952" ind1=" " ind2=" ">
    <subfield code="0">0</subfield>
    <subfield code="1">0</subfield>
    <subfield code="2">ddc</subfield>
    <subfield code="4">0</subfield>
    <subfield code="6">FOR_&#x17A1;&#x17B6;&#x17C6;_1992_000000000000000_B117_OR_2</subfield>
    <subfield code="7">0</subfield>
    <subfield code="9">14770</subfield>
    <subfield code="a">LBB</subfield>
    <subfield code="b">LBB</subfield>
    <subfield code="c">B117</subfield>
    <subfield code="d">2015-11-04</subfield>
    <subfield code="o">FOR &#x17A1;&#x17B6;&#x17C6; 1992 B117 Or.2</subfield>
    <subfield code="p">RUA027967</subfield>
    <subfield code="r">2015-11-04</subfield>
    <subfield code="w">2015-11-04</subfield>
    <subfield code="y">FOR</subfield>
  </datafield>
</record>
